| 000 | 00931cam a2200277 a 4500 | ||
|---|---|---|---|
| 999 |
_c6135 _d6135 |
||
| 003 | OSt | ||
| 005 | 20260312104532.0 | ||
| 008 | 140110s2012 enka d 000 1 eng d | ||
| 020 | _a9781782957218 | ||
| 040 |
_aStDuBDS _beng _cStDuBDS _dCNSPL _dTAE _dKH8 |
||
| 042 | _anbic | ||
| 082 | _aFIC RYA | ||
| 100 | 1 |
_aRyan, Chris, _d1961- _eauthor. |
|
| 245 | 1 | 0 |
_aAgent 21 : _breloaded / _cChris Ryan. |
| 246 | 3 | 0 | _aReloaded. |
| 260 |
_aLondon : _bRed Fox, _c2012. |
||
| 300 |
_a341, [1] p. : _bill. ; _c20 cm. |
||
| 490 | 1 |
_aAgent 21 ; _v[2] |
|
| 520 | _aIn the year since Zak Darke was approached by a shadowy government agency to become Agent 21, his world has changed completely. | ||
| 521 | 1 | _a13-18. | |
| 650 | 0 |
_aDarke, Zak (Fictitious character) _vJuvenile fiction. |
|
| 650 | 0 |
_aIntelligence officers _vJuvenile fiction. |
|
| 650 | 0 |
_aTerrorism _vJuvenile fiction. |
|
| 650 | 0 |
_aBombings _vJuvenile fiction. |
|
| 942 |
_2ddc _cFIC |
||